[Event "4NCL Division 4 South"]
[Site "Telford, ENG"]
[Date "2017.02.11"]
[Round "5.52"]
[White "Duncan, Patrick C M"]
[Black "Dhemrait, Jagdeep"]
[Result "1-0"]
[WhiteElo "2014"]
[BlackElo "1792"]
[PlyCount "105"]
[EventDate "2017.02.11"]
[WhiteTeam "Brown Jack 2"]
[BlackTeam "Cambridge University 3"]

1. b3 e5 2. Bb2 Nc6 3. e3 Nf6 4. Nf3 d6 5. d4 exd4 6. Nxd4 Ne5 7. Be2 Be7 8.
O-O O-O 9. c4 b6 10. Nc3 Bb7 11. f4 Ng6 12. Bf3 Bxf3 13. Qxf3 Qd7 14. e4 Rfe8
15. Rae1 Bf8 16. Nd5 Nxd5 17. cxd5 Be7 18. Nf5 Nh4 19. Qg3 Nxf5 20. exf5 f6 21.
Re6 Rf8 22. Rfe1 Rf7 23. Qe3 Bf8 24. Rc1 Qb5 25. Qe4 Qa5 26. a3 Qd2 27. Qd4
Qxd4+ 28. Bxd4 Rc8 29. Rc6 Rd7 30. Kf2 Kf7 31. Kf3 Be7 32. Re1 Re8 33. b4 Bd8
34. Rxe8 Kxe8 35. b5 Re7 36. Bf2 Kd7 37. Rc4 Kc8 38. g4 h6 39. h4 Kb7 40. Rc1
Kc8 41. Bd4 Rf7 42. Re1 Re7 43. Re6 Kb7 44. g5 hxg5 45. Rxe7 Bxe7 46. fxg5 fxg5
47. Bxg7 gxh4 48. f6 Bxf6 49. Bxf6 h3 50. Kg3 a6 51. a4 axb5 52. axb5 Kc8 53.
Kxh3 1-0

[Event "4NCL Division 4 South"]
[Site "Telford, ENG"]
[Date "2017.02.11"]
[Round "5.53"]
[White "Ivanov, George"]
[Black "Shaw, Meyrick"]
[Result "0-1"]
[WhiteElo "1780"]
[BlackElo "1929"]
[PlyCount "50"]
[EventDate "2017.02.11"]
[WhiteTeam "Cambridge University 3"]
[BlackTeam "Brown Jack 2"]

1. e4 c5 2. Nc3 d6 3. Bc4 Nc6 4. f4 Nf6 5. Nf3 e6 6. d3 a6 7. a4 d5 8. exd5
exd5 9. Ba2 Be7 10. O-O O-O 11. Qe1 Nb4 12. Bb3 c4 13. dxc4 dxc4 14. Na2 cxb3
15. Nxb4 Qb6+ 16. Be3 Qxb4 17. c3 Qe4 18. Ng5 Qc4 19. Rd1 Qxa4 20. Bd4 Re8 21.
Qh4 h6 22. Rfe1 hxg5 23. Qxg5 Qd7 24. Be5 Qf5 25. Bxf6 Qxf6 0-1

[Event "4NCL Division 4 South"]
[Site "Telford, ENG"]
[Date "2017.02.11"]
[Round "5.54"]
[White "Parker, Francis"]
[Black "Breed, Greg J"]
[Result "1-0"]
[WhiteElo "1912"]
[BlackElo "1761"]
[PlyCount "93"]
[EventDate "2017.02.11"]
[WhiteTeam "Brown Jack 2"]
[BlackTeam "Cambridge University 3"]

1. f4 g5 2. fxg5 e5 3. d4 e4 4. Nc3 d5 5. Bf4 c6 6. e3 Bd6 7. Qh5 Bf5 8. Be2
Bxf4 9. exf4 Nd7 10. O-O-O Bg6 11. Qh3 Qc7 12. Rf1 f5 13. Bh5 Qd6 14. g4 Ne7
15. gxf5 Nxf5 16. Bg4 Rf8 17. Nge2 O-O-O 18. Nd1 Rf7 19. Qg2 h5 20. Bxf5 Bxf5
21. Ne3 Rdf8 22. Ng3 Bg4 23. Nxg4 hxg4 24. f5 Rg7 25. Qd2 Rfg8 26. g6 Rh8 27.
Qg5 Nf6 28. Qe3 Rh3 29. Rf2 Qf8 30. Qf4 Qe7 31. Rg1 Rh8 32. Nf1 Kd7 33. Ne3 Qd6
34. Nxg4 Qxf4+ 35. Rxf4 Ke7 36. Nxf6 Kxf6 37. h4 Rgg8 38. Kd2 Rh5 39. Ke3 Rxf5
40. Rxf5+ Kxf5 41. h5 Rg7 42. a4 a5 43. b3 b6 44. Rh1 Rg8 45. Rg1 Rg7 46. c4
Ke6 47. h6 1-0

[Event "4NCL Division 4 South"]
[Site "Telford, ENG"]
[Date "2017.02.11"]
[Round "5.55"]
[White "Dhemrait, Surjit S"]
[Black "O'Byrne, Daniel"]
[Result "1-0"]
[WhiteElo "1496"]
[BlackElo "1742"]
[PlyCount "81"]
[EventDate "2017.02.11"]
[WhiteTeam "Cambridge University 3"]
[BlackTeam "Brown Jack 2"]

1. e4 c5 2. f4 e6 3. Nf3 Nc6 4. Nc3 a6 5. Be2 g6 6. O-O Bg7 7. d3 Nge7 8. Qe1
O-O 9. Qh4 Re8 10. Ng5 h6 11. Nf3 f5 12. Kh1 d5 13. e5 b5 14. g4 d4 15. Nd1 Bb7
16. Qg3 Nb4 17. h4 Nxc2 18. Rb1 Bd5 19. b3 Rc8 20. h5 Rf8 21. Rg1 fxg4 22. Qxg4
Rf5 23. hxg6 Qe8 24. Kh2 c4 25. Rb2 cxb3 26. axb3 Nb4 27. Nf2 Nbc6 28. Ne4 Bxe4
29. dxe4 Rf8 30. Qxe6+ Kh8 31. f5 Nxf5 32. Qxe8 Rcxe8 33. exf5 Rxf5 34. Rd2
Rh5+ 35. Kg2 Nxe5 36. Nxe5 Rexe5 37. Bxh5 Rxh5 38. Bb2 Rg5+ 39. Kf1 Rf5+ 40.
Ke2 d3+ 41. Kd1 1-0

[Event "4NCL Division 4 South"]
[Site "Telford, ENG"]
[Date "2017.02.11"]
[Round "5.56"]
[White "Headlong, Benjamin"]
[Black "Dhemrait, Manav"]
[Result "1-0"]
[WhiteElo "1787"]
[BlackElo "1285"]
[PlyCount "27"]
[EventDate "2017.02.11"]
[WhiteTeam "Brown Jack 2"]
[BlackTeam "Cambridge University 3"]

1. e4 c5 2. d4 cxd4 3. c3 dxc3 4. Nxc3 e5 5. Nf3 Nc6 6. Bc4 Nf6 7. Ng5 Qc7 8.
Nxf7 Rg8 9. Bg5 Be7 10. Bxf6 Bxf6 11. Nd6+ Kf8 12. Qd5 Ke7 13. Nf5+ Kd8 14.
Qxg8# 1-0

[Event "4NCL Division 4 South"]
[Site "Telford, ENG"]
[Date "2017.02.11"]
[Round "5.71"]
[White "Vallis, Luke"]
[Black "Samworth-Calvier, Juju"]
[Result "0-1"]
[WhiteElo "1960"]
[BlackElo "1627"]
[PlyCount "100"]
[EventDate "2017.02.11"]
[WhiteTeam "Sandhurst Cadets"]
[BlackTeam "Sussex Martlets 3"]

1. c4 e5 2. g3 Nc6 3. Bg2 g6 4. Nc3 Bg7 5. d3 d6 6. e4 Be6 7. Nge2 Qd7 8. a3
Bh3 9. O-O h5 10. Bxh3 Qxh3 11. Kh1 h4 12. Ng1 Qd7 13. g4 Nd4 14. h3 f5 15. f3
Bh6 16. Bxh6 Nxh6 17. Nd5 O-O-O 18. Ne3 Nf7 19. b4 Ne6 20. exf5 gxf5 21. Nxf5
Nf4 22. Kh2 Ng5 23. Ra2 Rdf8 24. Ne3 Qf7 25. Raf2 Nfe6 26. Nf5 Qh7 27. Ne3 Qf7
28. Ng2 Nf4 29. Qd2 Nge6 30. Ne2 Qg6 31. Nexf4 Nxf4 32. Nxf4 Rxf4 33. Qe3 Rd4
34. Rd1 Rf8 35. Kg2 Rff4 36. Kf1 Qe8 37. b5 a6 38. a4 a5 39. Ke2 b6 40. Rg2 Qg6
41. Qg1 Qg5 42. Rf2 Kb7 43. Ke1 Qg6 44. Qf1 d5 45. Rc2 e4 46. dxe4 {(=)} Rxd1+
47. Kxd1 dxe4 48. Rf2 exf3 49. Rxf3 Qb1+ 50. Ke2 Qc2+ 0-1

[Event "4NCL Division 4 South"]
[Site "Telford, ENG"]
[Date "2017.02.11"]
[Round "5.72"]
[White "Woods, Timothy J"]
[Black "Stoyanov, Viktor"]
[Result "0-1"]
[WhiteElo "1659"]
[BlackElo "1930"]
[PlyCount "118"]
[EventDate "2017.02.11"]
[WhiteTeam "Sussex Martlets 3"]
[BlackTeam "Sandhurst Cadets"]

1. e4 c5 2. Nf3 g6 3. c4 Nc6 4. d4 cxd4 5. Nxd4 Nf6 6. Nc3 d6 7. Be2 Nxd4 8.
Qxd4 Bg7 9. O-O O-O 10. Qd3 Be6 11. f3 Nd7 12. Nd5 Nc5 13. Qa3 Bxd5 14. exd5 a5
15. Be3 b6 16. Rad1 Qc7 17. Bd4 Bxd4+ 18. Rxd4 Na6 19. Qe3 Qc5 20. Re4 {(=)}
Rfe8 21. Re1 Nb4 22. Qxc5 bxc5 23. Bd1 Nd3 24. R1e2 a4 25. g3 Kf8 26. R4e3 Nc1
27. Re1 Nxa2 28. Ra3 Nb4 29. Bxa4 Reb8 30. Rea1 Ra7 31. Bb5 Rxa3 32. Rxa3 Nxd5
33. cxd5 Rxb5 34. b3 Kg7 35. Kf2 Kf6 36. f4 Rb4 37. Ke3 Rd4 38. Ra4 Rxd5 39.
Rc4 Rd1 40. b4 cxb4 41. Rxb4 e6 42. Rb7 d5 43. Rd7 Rh1 44. h4 h5 45. Kf3 Ra1
46. Ke3 Ra3+ 47. Kf2 Rd3 48. Ra7 Rc3 49. Rd7 Rc8 50. Ke3 Rf8 51. Kf3 Kf5 52.
Rd6 Rb8 53. Rd7 f6 54. Rd6 Rb3+ 55. Kf2 Rd3 56. Ra6 e5 57. fxe5 fxe5 58. Rd6 d4
59. Ra6 Rd2+ 0-1

[Event "4NCL Division 4 South"]
[Site "Telford, ENG"]
[Date "2017.02.11"]
[Round "5.73"]
[White "Isaksen, Peter A"]
[Black "Bennet-Stevens, Lucy"]
[Result "1/2-1/2"]
[WhiteElo "1877"]
[BlackElo "1609"]
[PlyCount "161"]
[EventDate "2017.02.11"]
[WhiteTeam "Sandhurst Cadets"]
[BlackTeam "Sussex Martlets 3"]

1. e4 c5 2. c3 d5 3. exd5 Qxd5 4. d4 Nf6 5. Nf3 Bg4 6. Be2 e6 7. O-O Nc6 8. Be3
cxd4 9. cxd4 Be7 10. h3 Bh5 11. Nc3 Qd6 12. a3 a6 13. Qb3 O-O 14. Rac1 Rfd8 15.
Rfd1 b5 16. Rd2 Rac8 17. Rcd1 Na5 18. Qa2 Nc4 19. Bxc4 Rxc4 20. Ne5 Rxc3 21.
bxc3 Bxd1 22. Rxd1 Nd5 23. Bd2 Nb6 24. Bc1 Na4 25. Rd3 Rc8 26. Qb3 Nc5 27. dxc5
Qxe5 28. Be3 Bxc5 29. Qd1 h6 30. Bxc5 Qxc5 31. a4 Qa3 32. axb5 axb5 33. c4 Qc5
34. Rd8+ Rxd8 35. Qxd8+ Qf8 36. Qd3 bxc4 37. Qxc4 Qb8 38. Qe4 Kf8 39. Qh7 Qe5
40. Qd3 Ke7 41. Qd1 f5 42. g3 f4 43. Qd3 fxg3 44. fxg3 Qf5 45. Qa3+ Kf7 46. Kg2
Qd5+ 47. Kf2 e5 48. Ke3 Qd4+ 49. Kf3 e4+ 50. Ke2 Ke6 51. Qa6+ Kd7 52. Qb7+ Kd6
53. Qa6+ Ke5 54. Qa5+ Kf6 55. Qa6+ Kg5 56. Qb5+ Kg6 57. Qb3 Qe5 58. Qb6+ Kh7
59. Qb3 Qh5+ 60. g4 Qe5 61. Qe3 Qh2+ 62. Ke1 Qc2 63. h4 Qg2 64. Qf4 Qh1+ 65.
Ke2 Qxh4 66. Qxe4+ g6 67. Qb7+ Kg8 68. Qc8+ Kf7 69. Qd7+ Qe7+ 70. Qxe7+ Kxe7 {
(=) - declined!!} 71. Ke3 Kf6 72. Kf4 g5+ 73. Kf3 Kg6 74. Kg3 h5 75. gxh5+ Kxh5
76. Kh3 g4+ 77. Kg3 Kg5 78. Kg2 Kf4 79. Kf2 g3+ 80. Kg2 Kg4 81. Kg1 1/2-1/2

[Event "4NCL Division 4 South"]
[Site "Telford, ENG"]
[Date "2017.02.11"]
[Round "5.74"]
[White "Finn, Daniel"]
[Black "Kadambadi, Nikhil"]
[Result "1-0"]
[WhiteElo "1502"]
[BlackElo "1862"]
[PlyCount "123"]
[EventDate "2017.02.11"]
[WhiteTeam "Sussex Martlets 3"]
[BlackTeam "Sandhurst Cadets"]

1. d4 d5 2. c4 e6 3. Nc3 c5 4. cxd5 exd5 5. e3 Nf6 6. Nf3 Nc6 7. Be2 Be7 8. O-O
O-O 9. b3 Bf5 10. Bb2 Rc8 11. Rc1 Qd7 12. dxc5 Bxc5 13. Nxd5 Nxd5 14. Rxc5 Rfd8
15. Bc4 Nb6 16. Qxd7 Bxd7 17. Be2 Nb4 18. Bd4 Rxc5 19. Bxc5 Nxa2 20. Bxb6 axb6
21. Nd4 Nb4 22. Rc1 Nc6 23. Rd1 Bc8 24. Bf3 Kf8 25. Bxc6 bxc6 26. Ne6+ Bxe6 27.
Rxd8+ Ke7 28. Rd3 c5 29. f3 b5 30. Kf2 c4 31. bxc4 Bxc4 32. Rd4 Ke6 33. g3 g6
34. Ke1 Bd5 35. Ke2 Bc4+ 36. Kd2 Ke5 37. Kc3 h5 38. h4 f6 39. Kb4 g5 40. Kc5
Ke6 41. Rd6+ Ke5 42. hxg5 fxg5 43. Rh6 Bf7 44. Kxb5 g4 45. fxg4 hxg4 46. Rh7
Bg6 47. Re7+ Kf6 48. Ra7 Ke5 49. Re7+ Kf6 50. Rc7 Ke5 51. Rg7 Kf6 52. Rxg6+
Kxg6 53. Kc5 Kf6 54. Kd6 Kf5 55. Kd5 Kf6 56. Ke4 Kg5 57. Ke5 Kg6 58. Kf4 Kf6
59. Kxg4 Ke5 60. Kf3 Kf5 61. g4+ Ke5 62. e4 1-0

[Event "4NCL Division 4 South"]
[Site "Telford, ENG"]
[Date "2017.02.11"]
[Round "5.75"]
[White "Thornley, Oliver"]
[Black "Coleman, Frederick"]
[Result "1/2-1/2"]
[WhiteElo "1630"]
[BlackElo "1487"]
[PlyCount "49"]
[EventDate "2017.02.11"]
[WhiteTeam "Sandhurst Cadets"]
[BlackTeam "Sussex Martlets 3"]

1. e4 e6 2. d4 d5 3. exd5 exd5 4. Bd3 Bd6 5. Nf3 Ne7 6. h3 Bf5 7. O-O O-O 8.
Bg5 f6 9. Bh4 Nbc6 10. c3 Qd7 11. Bg3 Rfe8 12. Qc2 Bxd3 13. Qxd3 Nf5 14. Bxd6
Nxd6 15. Nbd2 Ne4 16. Rfe1 f5 17. Nh4 g6 18. f4 Qd6 19. g3 Re7 20. Kg2 Rae8 21.
Nhf3 a6 22. Ne5 Nxe5 {(=)} 23. dxe5 Qe6 24. Rad1 c6 25. Nb3 1/2-1/2

[Event "4NCL Division 4 South"]
[Site "Telford, ENG"]
[Date "2017.02.11"]
[Round "5.76"]
[White "Hedger, Alec"]
[Black "Vallis, Nicholas J"]
[Result "1-0"]
[WhiteElo "1475"]
[BlackElo "1622"]
[PlyCount "93"]
[EventDate "2017.02.11"]
[WhiteTeam "Sussex Martlets 3"]
[BlackTeam "Sandhurst Cadets"]

1. e4 c6 2. d4 d5 3. exd5 cxd5 4. c4 Nf6 5. Nc3 Nc6 6. Bg5 dxc4 7. d5 Ne5 8. f4
Bg4 9. Qd2 Nd3+ 10. Bxd3 cxd3 11. Qxd3 g6 12. Nf3 Bg7 13. Ne5 Qb6 14. Bxf6 Bf5
15. Qb5+ Qxb5 16. Nxb5 exf6 17. Nc7+ Ke7 18. Nxa8 fxe5 19. Nc7 exf4 20. O-O-O
Bh6 21. b3 f3+ 22. Kb2 fxg2 23. Rhe1+ Kd7 24. d6 Bf8 25. a3 a6 26. Ne8 Bh6 27.
Re7+ Kd8 28. d7 Bf4 29. Ree1 Bxh2 30. Nf6 g1=Q 31. Re8+ Rxe8 32. dxe8=Q+ Kc7
33. Rxg1 Bxg1 34. Qxf7+ Kb6 35. Nd7+ Ka7 36. Qxh7 Bd4+ 37. Ka2 Be3 38. Qe7 Bf2
39. Nc5 Bxc5 40. Qxc5+ Ka8 41. b4 Bd7 42. Kb3 Be6+ 43. Ka4 Bd7+ 44. Ka5 Bc6 45.
Kb6 g5 46. Qf8+ Be8 47. Qxe8# 1-0

[Event "4NCL Division 4 South"]
[Site "Telford, ENG"]
[Date "2017.02.11"]
[Round "5.81"]
[White "Pink, Joshua"]
[Black "Bin-Suhayl, Ieysaa"]
[Result "1-0"]
[WhiteElo "2005"]
[BlackElo "2020"]
[PlyCount "53"]
[EventDate "2017.02.11"]
[WhiteTeam "Throw in the Tal 1"]
[BlackTeam "Anglian Avengers 3"]

1. e4 e6 2. d4 d5 3. Nd2 Nf6 4. e5 Nfd7 5. Bd3 b6 6. Qe2 c5 7. c4 Bb7 8. cxd5
Bxd5 9. Ngf3 Nc6 10. Be4 Bxe4 11. Qxe4 Nxd4 12. Nxd4 cxd4 13. O-O Bc5 14. Nf3
O-O 15. Ng5 g6 16. Qh4 h5 17. Qe4 Re8 18. Rd1 Rc8 19. Rd3 Qc7 20. Bf4 Nb8 21.
Rg3 Re7 22. Nxf7 Rxf7 23. Qxg6+ Rg7 24. Qxe6+ Kh8 25. Qh6+ Kg8 26. Rxg7+ Qxg7
27. Qe6+ 1-0

[Event "4NCL Division 4 South"]
[Site "Telford, ENG"]
[Date "2017.02.11"]
[Round "5.82"]
[White "Cocks, Elliot"]
[Black "Ho, Marco"]
[Result "1-0"]
[WhiteElo "1990"]
[BlackElo "1997"]
[PlyCount "139"]
[EventDate "2017.02.11"]
[WhiteTeam "Anglian Avengers 3"]
[BlackTeam "Throw in the Tal 1"]

1. Nf3 Nf6 2. d4 e6 3. g3 d5 4. c4 c6 5. Bg2 Be7 6. O-O O-O 7. Nbd2 b6 8. Qc2
Nbd7 9. Ne5 Nxe5 10. dxe5 Nd7 11. cxd5 cxd5 12. Nf3 Ba6 13. Re1 Rc8 14. Qa4 Bb7
15. Qxa7 Bc6 16. Qa6 Bb4 17. Bg5 f6 18. exf6 gxf6 19. Be3 Nc5 20. Bxc5 bxc5 21.
Rec1 Qd6 22. Qd3 c4 23. Qc2 Rb8 24. a3 Bc5 25. b4 Ba7 26. e3 Bd7 27. Qd2 Rfc8
28. Nd4 e5 29. Ne2 d4 30. exd4 Bxd4 31. Nxd4 exd4 32. Qh6 Bf5 33. Qh5 Qd7 34.
Qh4 Rb6 35. Rd1 d3 36. Rac1 c3 37. Be4 d2 38. Rc2 Rc4 39. Bxf5 Qf7 40. Qh6 Qe7
41. Qe3 Qc7 42. Be6+ Rxe6 43. Qxe6+ Kg7 44. b5 Rc5 45. b6 Qd8 46. Qg4+ Kh8 47.
Qf3 Rb5 48. Qxc3 Qxb6 49. Rcxd2 Rc5 50. Qd4 Qc6 51. Qd8+ Kg7 52. Qd7+ Kg6 53.
Qxc6 Rxc6 54. a4 Ra6 55. Ra2 Ra5 56. Rb1 h6 57. Rb5 Ra6 58. a5 h5 59. Rb6 Ra7
60. a6 Kg5 61. Ra5+ Kg6 62. Rb7 Ra8 63. a7 Kh6 64. Rb8 Rxa7 65. Rxa7 Kg6 66.
Rb5 f5 67. h4 f4 68. Ra6+ Kf7 69. Rb7+ Ke8 70. Ra8# 1-0

[Event "4NCL Division 4 South"]
[Site "Telford, ENG"]
[Date "2017.02.11"]
[Round "5.83"]
[White "Ireland, David J"]
[Black "Lunn, Timothy"]
[Result "1-0"]
[WhiteElo "2027"]
[BlackElo "1937"]
[PlyCount "99"]
[EventDate "2017.02.11"]
[WhiteTeam "Throw in the Tal 1"]
[BlackTeam "Anglian Avengers 3"]

1. e4 c5 2. Nc3 Nc6 3. Bb5 Nd4 4. Bc4 e6 5. Nf3 Nf6 6. e5 d5 7. exf6 dxc4 8.
fxg7 Bxg7 9. O-O b6 10. Nxd4 cxd4 11. Qg4 O-O 12. Ne2 e5 13. Qh5 Qf6 14. Ng3
Qg6 15. Qxg6 hxg6 16. b3 Be6 17. d3 cxd3 18. cxd3 Rac8 19. Ba3 Rfd8 20. Ne4 Bd5
21. Be7 Rd7 22. Nf6+ Bxf6 23. Bxf6 e4 24. Rac1 Rc6 25. Rxc6 Bxc6 26. dxe4 d3
27. f3 Bb5 28. Rc1 Ba6 29. Kf2 Rd6 30. Bg5 f6 31. Bf4 Rd7 32. Ke1 Kf7 33. Kd2
Ke7 34. Rc7 Rxc7 35. Bxc7 Kd7 36. Bb8 Kc8 37. Bf4 Kd7 38. h4 Bb5 39. a4 Ba6 40.
b4 Bc4 41. Kc3 b5 42. g4 Kc6 43. a5 Be6 44. Kxd3 a6 45. h5 gxh5 46. gxh5 Bf7
47. h6 Bg6 48. Kd4 Bh7 49. Bg3 Bg8 50. Bh4 1-0

[Event "4NCL Division 4 South"]
[Site "Telford, ENG"]
[Date "2017.02.11"]
[Round "5.84"]
[White "Hall, Antony C"]
[Black "Goodwin, Ed H"]
[Result "1/2-1/2"]
[WhiteElo "1900"]
[BlackElo "1907"]
[PlyCount "30"]
[EventDate "2017.02.11"]
[WhiteTeam "Anglian Avengers 3"]
[BlackTeam "Throw in the Tal 1"]

1. e4 e6 2. d4 b6 3. Bd3 Bb7 4. Nf3 c5 5. Be3 Nf6 6. Nbd2 cxd4 7. Nxd4 Nc6 8.
Nxc6 Bxc6 9. O-O Qc7 10. c3 d5 11. exd5 Bxd5 12. Bb5+ Bc6 13. Qa4 Bxb5 14.
Qxb5+ Qd7 15. Qxd7+ Nxd7 1/2-1/2

[Event "4NCL Division 4 South"]
[Site "Telford, ENG"]
[Date "2017.02.11"]
[Round "5.85"]
[White "Olaleye, Oladejo"]
[Black "Woodcock, Keith D"]
[Result "1-0"]
[WhiteElo "1885"]
[BlackElo "1690"]
[PlyCount "147"]
[EventDate "2017.02.11"]
[WhiteTeam "Throw in the Tal 1"]
[BlackTeam "Anglian Avengers 3"]

1. e4 c5 2. Bc4 g6 3. Nc3 Bg7 4. d3 Nc6 5. f4 d6 6. Nf3 Nf6 7. e5 dxe5 8. fxe5
Ng4 9. e6 Bxe6 10. Bxe6 fxe6 11. h3 Nf6 12. Ng5 Qd7 13. Be3 b6 14. O-O O-O 15.
Rb1 h6 16. Nge4 Nd5 17. Bd2 Rxf1+ 18. Qxf1 Rf8 19. Qc1 Kh7 20. Ne2 Nf6 21. N4g3
e5 22. a3 Nd4 23. b4 Nxe2+ 24. Nxe2 e4 25. Rb3 exd3 26. Rxd3 Qc6 27. Nf4 Ne4
28. Be3 cxb4 29. axb4 Rc8 30. Nd5 Qxc2 31. Qxc2 Rxc2 32. Nxe7 Rb2 33. Nc6 a5
34. bxa5 bxa5 35. Rd7 Rb1+ 36. Kh2 Kg8 37. Ra7 Bc3 38. Bxh6 Be1 39. Bf4 Bh4 40.
Ne7+ Bxe7 41. Rxe7 Nc5 42. Ra7 Ra1 43. Be5 Re1 44. Bc3 Rc1 45. Bxa5 Ra1 46. Kg3
Nb3 47. Bb6 Rxa7 48. Bxa7 Kf7 49. Kf4 Nd2 50. h4 Nc4 51. Bd4 Nd6 52. Bc3 Nf5
53. Kg5 Ng3 54. Be1 Ne4+ 55. Kf4 Nd6 56. g4 Nc4 57. Bb4 Nb6 58. Kg5 Kg7 59.
Bc3+ Kh7 60. Ba5 Nc4 61. Bd8 Nd6 62. Kf6 Ne4+ 63. Ke5 Nf2 64. Kf4 Nd3+ 65. Ke4
Nf2+ 66. Kf3 Nd3 67. Bc7 Nb4 68. Ke4 Nc2 69. Bb6 Ne1 70. Bf2 Nc2 71. Kd5 Kg7
72. Kc4 Na3+ 73. Kb4 Nc2+ 74. Kb3 1-0

[Event "4NCL Division 4 South"]
[Site "Telford, ENG"]
[Date "2017.02.11"]
[Round "5.86"]
[White "John, Adam"]
[Black "Price, Andrew"]
[Result "1-0"]
[WhiteElo "1628"]
[BlackElo "1870"]
[PlyCount "87"]
[EventDate "2017.02.11"]
[WhiteTeam "Anglian Avengers 3"]
[BlackTeam "Throw in the Tal 1"]

1. e4 e6 2. d3 c5 3. Nd2 Nc6 4. Ngf3 g6 5. g3 Bg7 6. Bg2 Nge7 7. O-O O-O 8. Re1
Qc7 9. Nf1 b6 10. Bf4 d6 11. Qc1 Bb7 12. Bh6 e5 13. Bxg7 Kxg7 14. Ne3 Nd4 15.
Ng4 Nxf3+ 16. Bxf3 f5 17. Ne3 f4 18. gxf4 Rxf4 19. Bg2 Raf8 20. f3 Bc8 21. c3
Be6 22. Nc2 Qd7 23. Qe3 g5 24. Rf1 Ng6 25. Ne1 Nh4 26. d4 Bh3 27. Rf2 Bxg2 28.
Nxg2 Nxf3+ 29. Kh1 R4f6 30. Raf1 g4 31. dxc5 bxc5 32. Nh4 Nxh4 33. Qg5+ Ng6 34.
Rxf6 Rxf6 35. Qxf6+ Kg8 36. Rd1 Qa4 37. Qe6+ Kg7 38. Qxg4 Qc2 39. Rxd6 Qb1+ 40.
Rd1 Qxb2 41. h4 Kf8 42. Qf5+ Ke8 43. Qe6+ Kf8 44. Qf6+ 1-0

[Event "4NCL Division 4 South"]
[Site "Telford, ENG"]
[Date "2017.02.11"]
[Round "5.91"]
[White "Goodger, Martyn"]
[Black "Hendy, Jerry"]
[Result "1-0"]
[WhiteElo "2006"]
[BlackElo "1855"]
[PlyCount "93"]
[EventDate "2017.02.11"]
[WhiteTeam "Poisoned Pawns 2"]
[BlackTeam "Throw in the Tal 2"]

1. e4 c5 2. Nf3 d6 3. Bc4 Nc6 4. O-O a6 5. c3 Nf6 6. d3 Bg4 7. Qb3 e6 8. Qc2
Be7 9. Nbd2 O-O 10. a3 b5 11. Ba2 Rc8 12. h3 Bh5 13. Ng5 Qd7 14. f4 h6 15. Ngf3
Bxf3 16. Nxf3 d5 17. e5 Nh7 18. Qe2 d4 19. cxd4 Nxd4 20. Nxd4 cxd4 21. f5 Rc6
22. f6 gxf6 23. Bxh6 f5 24. Rf3 Kh8 25. Bxf8 Bxf8 26. Rg3 Bh6 27. a4 Bf4 28.
Rf3 Bh6 29. axb5 axb5 30. Bb3 Nf8 31. Raf1 Ng6 32. g4 Rc5 33. gxf5 Nxe5 34. Rg3
Kh7 35. fxe6 fxe6 36. Qe4+ Kh8 37. Qh4 Kh7 38. Rf6 Nf7 39. Qe4+ Kh8 40. Rxe6
Be3+ 41. Kh2 Rg5 42. Re8+ Kg7 43. Re7 Bg1+ 44. Rxg1 Qd6+ 45. Kh1 Rxg1+ 46. Kxg1
Qg3+ 47. Qg2 1-0

[Event "4NCL Division 4 South"]
[Site "Telford, ENG"]
[Date "2017.02.11"]
[Round "5.92"]
[White "Ward, Andrew"]
[Black "Davison, Chris"]
[Result "0-1"]
[WhiteElo "1813"]
[BlackElo "2007"]
[PlyCount "68"]
[EventDate "2017.02.11"]
[WhiteTeam "Throw in the Tal 2"]
[BlackTeam "Poisoned Pawns 2"]

1. d4 f5 2. Bf4 e6 3. e3 d6 4. Nf3 Nf6 5. c3 Be7 6. Bd3 Nbd7 7. Ng5 Nf8 8. h4
c6 9. h5 h6 10. Nf3 Qc7 11. Nbd2 Bd7 12. e4 fxe4 13. Nxe4 Nxe4 14. Bxe4 O-O-O
15. Qa4 Kb8 16. Qb4 Bc8 17. a4 e5 18. dxe5 d5 19. e6 Qxf4 20. Qxe7 Qxe4+ 21.
Kf1 Nxe6 22. Rh4 Qf5 23. a5 Qf8 24. Qxf8 Rhxf8 25. a6 Rf4 26. axb7 Bxb7 27. Ra4
Rxh4 28. Rxh4 c5 29. Rg4 d4 30. cxd4 Bxf3 31. gxf3 cxd4 32. Ke2 Ng5 33. f4 d3+
34. Kd2 Ne4+ 0-1

[Event "4NCL Division 4 South"]
[Site "Telford, ENG"]
[Date "2017.02.11"]
[Round "5.93"]
[White "McCorry, Robert T"]
[Black "Woolgar, Steven G"]
[Result "1-0"]
[WhiteElo "1994"]
[BlackElo "1780"]
[PlyCount "41"]
[EventDate "2017.02.11"]
[WhiteTeam "Poisoned Pawns 2"]
[BlackTeam "Throw in the Tal 2"]

1. d4 Nf6 2. c4 e6 3. Nc3 Bb4 4. e3 d5 5. a3 Bxc3+ 6. bxc3 O-O 7. Bd3 Nbd7 8.
cxd5 exd5 9. Ne2 c5 10. O-O Qc7 11. f3 h6 12. e4 dxe4 13. fxe4 cxd4 14. cxd4
Re8 15. Ng3 Qc3 16. Be3 Nb6 17. Rc1 Qxa3 18. Rxf6 gxf6 19. Bxh6 Qa4 20. Bc2 Qd7
21. Nf5 1-0

[Event "4NCL Division 4 South"]
[Site "Telford, ENG"]
[Date "2017.02.11"]
[Round "5.94"]
[White "Zarev, Dragomir"]
[Black "McMahon, Paul"]
[Result "0-1"]
[WhiteElo "1765"]
[BlackElo "1987"]
[PlyCount "50"]
[EventDate "2017.02.11"]
[WhiteTeam "Throw in the Tal 2"]
[BlackTeam "Poisoned Pawns 2"]

1. c4 Nf6 2. Nc3 e6 3. e4 Nc6 4. d4 Bb4 5. Bg5 h6 6. Bxf6 Qxf6 7. Nf3 d6 8. Be2
e5 9. O-O Bxc3 10. bxc3 O-O 11. Rb1 Ne7 12. c5 Ng6 13. cxd6 cxd6 14. dxe5 dxe5
15. Bc4 Bg4 16. h3 Rad8 17. Bd5 Bc8 18. Kh2 Nf4 19. c4 g5 20. Qc1 g4 21. Ng1
Kh7 22. g3 gxh3 23. gxf4 Qg6 24. Nxh3 Bxh3 25. Kxh3 Qh5+ 0-1

[Event "4NCL Division 4 South"]
[Site "Telford, ENG"]
[Date "2017.02.11"]
[Round "5.95"]
[White "Judkins, Brian D"]
[Black "Jones, Howard"]
[Result "1/2-1/2"]
[WhiteElo "1801"]
[BlackElo "1675"]
[PlyCount "63"]
[EventDate "2017.02.11"]
[WhiteTeam "Poisoned Pawns 2"]
[BlackTeam "Throw in the Tal 2"]

1. e4 d6 2. d4 Nf6 3. Nc3 g6 4. Nf3 Bg7 5. h3 O-O 6. Be3 a6 7. a4 Nc6 8. d5 Nb8
9. Bd3 c5 10. O-O Nbd7 11. Qd2 Re8 12. Bg5 Qc7 13. Rfe1 Ne5 14. Nxe5 dxe5 15.
b3 Rf8 16. Rf1 Ne8 17. Bh6 Bxh6 18. Qxh6 f6 19. Ne2 Nd6 20. c4 Nf7 21. Qe3 g5
22. Ng3 Kh8 23. Be2 Bd7 24. Bg4 Bxg4 25. hxg4 b6 26. Nf5 Nd6 27. g3 Nxf5 28.
gxf5 a5 29. Kg2 Rf7 30. Rh1 Rg8 31. Rh6 Rgg7 32. Rah1 1/2-1/2

[Event "4NCL Division 4 South"]
[Site "Telford, ENG"]
[Date "2017.02.11"]
[Round "5.96"]
[White "Weaver, Simon"]
[Black "Mountford, Corinne"]
[Result "1/2-1/2"]
[WhiteElo "1517"]
[BlackElo "1712"]
[PlyCount "68"]
[EventDate "2017.02.11"]
[WhiteTeam "Throw in the Tal 2"]
[BlackTeam "Poisoned Pawns 2"]

1. d4 Nf6 2. Bf4 g6 3. e3 Bg7 4. Nd2 O-O 5. h3 d6 6. Ngf3 Nfd7 7. c3 a6 8. Bc4
b5 9. Bb3 e5 10. Bh2 c5 11. Bd5 Ra7 12. dxe5 dxe5 13. Bb3 Bb7 14. Bc2 f5 15. e4
f4 16. a4 Bc6 17. axb5 Bxb5 18. Ba4 Bc6 19. O-O Nb6 20. Bb3+ Kh8 21. Qe2 Rd7
22. Nc4 Bb5 23. Nfd2 Nxc4 24. Nxc4 f3 25. Qe3 fxg2 26. Kxg2 Qc7 27. Rfd1 Rdf7
28. Bg3 Rf3 29. Qg5 Nc6 30. Rd2 {(=)} Qf7 31. Nxe5 Qxb3 32. Nxf3 Qf7 33. Qe3 c4
34. Rad1 Ba4 1/2-1/2

[Event "4NCL Division 4 South"]
[Site "Telford, ENG"]
[Date "2017.02.11"]
[Round "5.101"]
[White "Willmoth, Harrison"]
[Black "Allison, Conrad"]
[Result "0-1"]
[WhiteElo "1720"]
[BlackElo "1938"]
[PlyCount "54"]
[EventDate "2017.02.11"]
[WhiteTeam "Barnet Knights 2"]
[BlackTeam "Kent Kestrels"]

1. e4 e5 2. f4 exf4 3. Nf3 d6 4. Nc3 h6 5. d4 g5 6. Bc4 Bg7 7. O-O Nc6 8. Bb5
a6 9. Bxc6+ bxc6 10. d5 c5 11. Nd2 Nf6 12. h3 O-O 13. Nc4 Re8 14. Qf3 Bd7 15.
a4 Qe7 16. Re1 g4 17. hxg4 Nxg4 18. Bxf4 f5 19. Nd2 Rab8 20. Kf1 Rxb2 21. exf5
Qh4 22. Rxe8+ Bxe8 23. Re1 Bh5 24. g3 Nh2+ 25. Kf2 Nxf3 26. gxh4 Nxe1 27. Kxe1
Bxc3 0-1